000
00197nam a2200085Ia 4500
008
120527s9999 xx 000 0 und d
100
_a
Ostle, Bernard
245
_a
Statistics in Research
942
_c
BK
999
_c
27855
_d
27855